Arthika chintanadhare. (Record no. 98452)
[ view plain ]
| 000 -LEADER | |
|---|---|
| fixed length control field | 00561nam a2200193Ia 4500 |
| 003 - CONTROL NUMBER IDENTIFIER | |
| control field | OSt |
| 005 - DATE AND TIME OF LATEST TRANSACTION | |
| control field | 20250428111106.0 |
| 008 - FIXED-LENGTH DATA ELEMENTS--GENERAL INFORMATION | |
| fixed length control field | 210210b1992 xxu||||| |||| 00| 0 eng d |
| 040 ## - CATALOGING SOURCE | |
| Transcribing agency | AL |
| 041 ## - LANGUAGE CODE | |
| Language code of text/sound track or separate title | Kannada |
| 082 ## - DEWEY DECIMAL CLASSIFICATION NUMBER | |
| Classification number | 330.15K PRAA |
| 100 ## - MAIN ENTRY--PERSONAL NAME | |
| Personal name | PRABHAKARA SHISHILA. |
| Dates associated with a name | ಪ್ರಭಾಕರ ಶಿಶಿಲ |
| 9 (RLIN) | 168789 |
| 245 ## - TITLE STATEMENT | |
| Title | Arthika chintanadhare. |
| Remainder of title | ಆರ್ಥಿಕ ಚಿಂತನಧಾರೆ |
| 260 ## - PUBLICATION, DISTRIBUTION, ETC. | |
| Place of publication, distribution, etc. | Mangalore |
| Name of publisher, distributor, etc. | United publications |
| Date of publication, distribution, etc. | 1992 |
| 300 ## - PHYSICAL DESCRIPTION | |
| Extent | vi,596 |
| 690 ## - LOCAL SUBJECT ADDED ENTRY--TOPICAL TERM (OCLC, RLIN) | |
| Topical term or geographic name as entry element | Economic Thought |
| 9 (RLIN) | 168790 |
| 906 ## - LOCAL DATA ELEMENT F, LDF (RLIN) | |
| a | 049445 |
| 942 ## - ADDED ENTRY ELEMENTS (KOHA) | |
| Source of classification or shelving scheme | Dewey Decimal Classification |
| Koha item type | Book |
| Withdrawn status | Lost status | Source of classification or shelving scheme | Damaged status | Not for loan | Collection code | Home library | Current library | Shelving location | Date acquired | Cost, normal purchase price | Total Checkouts | Full call number | Barcode | Date last seen | Price effective from | Koha item type | Date last checked out |
|---|---|---|---|---|---|---|---|---|---|---|---|---|---|---|---|---|---|
| Dewey Decimal Classification | Economics | St Aloysius Library | St Aloysius Library | 02/17/2021 | 50.00 | 330.15K PRAA | 042644 | 02/17/2021 | 02/17/2021 | Book | |||||||
| Lost | Dewey Decimal Classification | Economics | St Aloysius Library | St Aloysius Library | 02/17/2021 | 50.00 | 330.15K PRAA | 042643 | 02/17/2021 | 02/17/2021 | Book | ||||||
| Dewey Decimal Classification | Economics | St Aloysius Library | St Aloysius Library | 02/17/2021 | 50.00 | 330.15K PRAA | 045339 | 02/17/2021 | 02/17/2021 | Book | |||||||
| Dewey Decimal Classification | Economics | St Aloysius Library | St Aloysius Library | 02/17/2021 | 50.00 | 330.15K PRAA | 045338 | 02/17/2021 | 02/17/2021 | Book | |||||||
| Dewey Decimal Classification | Economics | St Aloysius Library | St Aloysius Library | 02/17/2021 | 60.00 | 330.15K PRAA | 049446 | 02/17/2021 | 02/17/2021 | Book | |||||||
| Dewey Decimal Classification | Economics | St Aloysius Library | St Aloysius Library | 02/17/2021 | 60.00 | 1 | 330.15K PRAA | 049445 | 01/13/2022 | 02/17/2021 | Book | 01/11/2022 | |||||
| Dewey Decimal Classification | Economics | St Aloysius Library | St Aloysius Library | 02/17/2021 | 80.00 | 1 | 330.15K PRAA | 052943 | 10/18/2021 | 02/17/2021 | Book | 10/13/2021 | |||||
| Dewey Decimal Classification | Economics | St Aloysius Library | St Aloysius Library | 02/17/2021 | 80.00 | 330.15K PRAA | 052944 | 02/17/2021 | 02/17/2021 | Book |